| 000 | 00756nam a2200217Ii 4500 | ||
|---|---|---|---|
| 003 | JO-AjNU | ||
| 008 | 230605s9999||||xx |||||||||||||| ||und|| | ||
| 017 | _a1995/8708 | ||
| 020 | _a977-5125-10-3 | ||
| 040 |
_aJO-AjNU _bara _erda _cJO-AjNU |
||
| 041 | _aara | ||
| 050 | 1 | 4 | _aHG4551.H36 1995 |
| 100 | 3 |
_aحنفي، عبد الغفار, _eauthor _932817 |
|
| 245 | 0 | 0 | _aالبورصات: اسهم - سندات - صناديق الاستثمار |
| 264 | 3 | 1 | _aالاسكندرية: المكتب العربي الحديث، 1995 |
| 300 |
_a413ص _bيحتوي على ببلوغرافية من 407-413ص |
||
| 336 |
_atext _btxt _2rdacontent |
||
| 337 |
_aunmediated _bn _2rdamedia |
||
| 338 |
_avolume _bnc _2rdacarrier |
||
| 650 | 4 |
_aالبورصة _932818 |
|
| 999 |
_aA13292 _c16860 _d16860 |
||